[Event "SE-2013-0-00144"]
[Site "LSS email"]
[Date "2013.07.20"]
[Round "?"]
[White "Zwaneveld, Ansel"]
[Black "Kochubej, Eduard"]
[Result "1-0"]
[WhiteElo "1077"]
[BlackElo "1229"]
[PlyCount "42"]
[EventDate "2013.04.21"]
[EventType "tourn (corr)"]
[EventRounds "6"]
[EventCountry "GER"]
[SourceTitle "Telechess CBM 163"]
[Source "ChessBase"]
[SourceDate "2014.11.11"]
[SourceVersion "2"]
[SourceVersionDate "2014.11.11"]
[SourceQuality "1"]

1. d4 d5 2. Nf3 Nf6 3. e3 g6 4. b3 Bg7 5. Bb2 0-0 6. Nbd2 Nc6 7. c4 Bf5 8. cxd5 Nb4 9. Rc1 Nxa2 10. Rc4 a5 11. Nh4 Bg4 12. f3 Bd7 13. e4 g5 14. g3 gxh4 15. gxh4 Nh5 16. Bd3 Nf4 17. Bb1 e6 18. Nf1 exd5 19. exd5 Qxh4+ 20. Ng3 Rae8+ 21. Kd2 Nxd5 1-0

[Event "OP-2013-0-02858"]
[Site "LSS email"]
[Date "2013.07.03"]
[Round "?"]
[White "Lenz, Juergen"]
[Black "Kochubej, Eduard"]
[Result "1/2-1/2"]
[WhiteElo "1083"]
[BlackElo "1261"]
[PlyCount "42"]
[EventDate "2013.06.30"]
[EventType "tourn (corr)"]
[EventRounds "4"]
[EventCountry "GER"]
[SourceTitle "Telechess CBM 161"]
[Source "ChessBase"]
[SourceDate "2014.07.16"]
[SourceVersion "1"]
[SourceVersionDate "2014.07.16"]
[SourceQuality "1"]

1. d4 d5 2. Nf3 Nf6 3. Bf4 g6 4. h3 Bg7 5. e3 0-0 6. Be2 c5 7. c3 Qb6 8. Qb3 Nc6 9. Nbd2 c4 10. Qxb6 axb6 11. a3 Bf5 12. 0-0 h6 13. Ne5 g5 14. Bh2 e6 15. g4 Bc2 16. Rac1 Bh7 17. f4 Ne4 18. Nxe4 Bxe4 19. Nd7 Rfd8 20. Ne5 Nxe5 21. fxe5 Bf8 1/2-1/2

[Event "RE-2013-0-00115"]
[Site "LSS email"]
[Date "2013.06.24"]
[Round "?"]
[White "Kochubej, Eduard"]
[Black "Plotnikov, Vladimir Anatolievi"]
[Result "1-0"]
[WhiteElo "1261"]
[BlackElo "1247"]
[PlyCount "55"]
[EventDate "2013.05.07"]
[EventType "tourn (corr)"]
[EventRounds "6"]
[EventCountry "GER"]
[SourceTitle "Telechess CBM 161"]
[Source "ChessBase"]
[SourceDate "2014.07.16"]
[SourceVersion "1"]
[SourceVersionDate "2014.07.16"]
[SourceQuality "1"]

1. d4 d5 2. c4 e6 3. Nc3 Nf6 4. Nf3 c6 5. e3 Qa5 6. Bd2 Qc7 7. h3 Bb4 8. Rc1 Qa5 9. a3 Bxc3 10. Bxc3 Qc7 11. Bd3 dxc4 12. Bxc4 Nbd7 13. 0-0 Ne4 14. Be1 0-0 15. Qb3 Ndf6 16. Bd3 Rd8 17. Qc2 Nd6 18. e4 Nfe8 19. Bd2 h6 20. Bf4 Qd7 21. Rfe1 f6 22. e5 fxe5 23. Bh7+ Kh8 24. Nxe5 Qc7 25. Bg6 Qe7 26. Bf7 Qf6 27. Ng6+ Kh7 28. Nf8+ 1-0

[Event "RE-2013-0-00115"]
[Site "LSS email"]
[Date "2013.06.22"]
[Round "?"]
[White "Kochubej, Eduard"]
[Black "Henke, Simon"]
[Result "1/2-1/2"]
[WhiteElo "1261"]
[BlackElo "1405"]
[PlyCount "41"]
[EventDate "2013.05.07"]
[EventType "tourn (corr)"]
[EventRounds "6"]
[EventCountry "GER"]
[SourceTitle "Telechess CBM 161"]
[Source "ChessBase"]
[SourceDate "2014.07.16"]
[SourceVersion "1"]
[SourceVersionDate "2014.07.16"]
[SourceQuality "1"]

1. d4 e6 2. e4 d5 3. Nc3 Bb4 4. e5 c5 5. a3 Bxc3+ 6. bxc3 Qa5 7. Bd2 Qa4 8. Qg4 g6 9. Ra2 Nc6 10. Nf3 Bd7 11. Bd3 c4 12. Be2 0-0-0 13. Bg5 Rf8 14. Qh4 h6 15. 0-0 Rh7 16. Bd2 f5 17. Rb1 Rff7 18. Qg3 g5 19. h4 g4 20. Nh2 h5 21. f4 1/2-1/2

[Event "SE-2013-0-00143"]
[Site "LSS email"]
[Date "2013.06.10"]
[Round "?"]
[White "Grimm, Wolfgang"]
[Black "Kochubej, Eduard"]
[Result "1-0"]
[WhiteElo "1302"]
[BlackElo "1650"]
[PlyCount "35"]
[EventDate "2013.04.15"]
[EventType "tourn (corr)"]
[EventRounds "6"]
[EventCountry "GER"]
[SourceTitle "Corr 2022"]
[Source "ChessBase"]
[SourceDate "2021.10.24"]
[SourceVersion "1"]
[SourceVersionDate "2021.10.24"]
[SourceQuality "1"]

1. g3 e5 2. Nc3 d5 3. d4 exd4 4. Qxd4 Nf6 5. Bg5 Nc6 6. Qe3+ Be6 7. 0-0-0 Ng4 8. Bxd8 Nxe3 9. fxe3 Rxd8 10. Nb5 Rd7 11. Nh3 Ne5 12. Nf4 Bc5 13. Nd4 Ng4 14. Rd2 g5 15. Nd3 Bb6 16. Bh3 Nxe3 17. Bxe6 fxe6 18. Ne5 1-0

[Event "RE-2013-0-00114"]
[Site "LSS email"]
[Date "2013.06.10"]
[Round "?"]
[White "Kochubej, Eduard"]
[Black "Lonyuk, Bohdan"]
[Result "1-0"]
[WhiteElo "1261"]
[BlackElo "1098"]
[PlyCount "47"]
[EventDate "2013.04.17"]
[EventType "tourn (corr)"]
[EventRounds "6"]
[EventCountry "GER"]
[SourceTitle "Telechess CBM 161"]
[Source "ChessBase"]
[SourceDate "2014.07.16"]
[SourceVersion "1"]
[SourceVersionDate "2014.07.16"]
[SourceQuality "1"]

1. c4 e6 2. Nc3 d5 3. Nf3 dxc4 4. e4 c5 5. Bxc4 Nc6 6. 0-0 a6 7. d3 b5 8. Bb3 Bb7 9. Bf4 Nge7 10. Re1 Ng6 11. Bg3 h5 12. h3 Rc8 13. Rc1 Be7 14. Nd5 Bd6 15. e5 Bb8 16. Nf4 Ncxe5 17. Nxe5 Nxe5 18. Nxe6 fxe6 19. Bxe5 Qg5 20. Bg3 Bxg3 21. fxg3 Qxg3 22. Qe2 c4 23. Qxe6+ Kf8 24. Rf1+ 1-0

[Event "RE-2013-0-00114"]
[Site "LSS email"]
[Date "2013.06.10"]
[Round "?"]
[White "Kochubej, Eduard"]
[Black "Zeidan, Mohammad"]
[Result "1-0"]
[WhiteElo "1261"]
[BlackElo "1351"]
[PlyCount "43"]
[EventDate "2013.04.17"]
[EventType "tourn (corr)"]
[EventRounds "6"]
[EventCountry "GER"]
[SourceTitle "Telechess CBM 161"]
[Source "ChessBase"]
[SourceDate "2014.07.16"]
[SourceVersion "1"]
[SourceVersionDate "2014.07.16"]
[SourceQuality "1"]

1. e4 Nc6 2. Nf3 d6 3. Nc3 g6 4. d4 Bg7 5. Be2 Nf6 6. Be3 h6 7. d5 Nb8 8. h3 c5 9. 0-0 Na6 10. Qd2 Bd7 11. e5 Ng8 12. exd6 exd6 13. Rfe1 Ne7 14. Bf4 0-0 15. Bxa6 bxa6 16. Bxd6 Re8 17. Bxc5 Rc8 18. Bxa7 Nf5 19. Rxe8+ Bxe8 20. Re1 Qa5 21. g4 Nd6 22. Bd4 1-0

[Event "RE-2013-0-00114"]
[Site "LSS email"]
[Date "2013.06.10"]
[Round "?"]
[White "Mueller, Bernd"]
[Black "Kochubej, Eduard"]
[Result "1-0"]
[WhiteElo "1374"]
[BlackElo "1261"]
[PlyCount "85"]
[EventDate "2013.04.17"]
[EventType "tourn (corr)"]
[EventRounds "6"]
[EventCountry "GER"]
[SourceTitle "Telechess CBM 161"]
[Source "ChessBase"]
[SourceDate "2014.07.16"]
[SourceVersion "1"]
[SourceVersionDate "2014.07.16"]
[SourceQuality "1"]

1. d4 Nf6 2. c4 g6 3. Nc3 d5 4. cxd5 Nxd5 5. e4 Nxc3 6. bxc3 Bg7 7. Ba3 b6 8. Bc4 Nc6 9. Qf3 0-0 10. Bd5 Bb7 11. Ne2 Na5 12. Bxb7 Nxb7 13. h4 c5 14. Rd1 Qd7 15. h5 Rad8 16. Bc1 Na5 17. d5 Nc4 18. Qg3 Rfe8 19. hxg6 fxg6 20. Qh4 h5 21. Qg3 Qg4 22. Qxg4 hxg4 23. Rh4 Ne5 24. Bg5 Rd6 25. Nf4 Bf6 26. Bxf6 exf6 27. Ne6 g5 28. Rh1 Nf7 29. f3 Nd8 30. Nxd8 Rdxd8 31. Kf2 gxf3 32. gxf3 Kg7 33. Ke3 Kg6 34. c4 Rh8 35. a4 Rh4 36. Rxh4 gxh4 37. Rd3 Kf7 38. Rd2 Rh8 39. Kf4 Ke7 40. Kg4 Kd6 41. f4 h3 42. Rh2 Ke7 43. Rxh3 1-0

[Event "RE-2013-0-00114"]
[Site "LSS email"]
[Date "2013.06.10"]
[Round "?"]
[White "Schoenbuchner, Gerhard"]
[Black "Kochubej, Eduard"]
[Result "0-1"]
[WhiteElo "1103"]
[BlackElo "1261"]
[PlyCount "30"]
[EventDate "2013.04.17"]
[EventType "tourn (corr)"]
[EventRounds "6"]
[EventCountry "GER"]
[SourceTitle "Corr 2015"]
[Source "ChessBase"]
[SourceDate "2015.07.17"]
[SourceVersion "1"]
[SourceVersionDate "2015.07.17"]
[SourceQuality "1"]

1. e4 c5 2. Nc3 d6 3. d3 Nc6 4. Be3 Nf6 5. Qd2 e5 6. 0-0-0 Qa5 7. Kb1 Be6 8. f4 exf4 9. Bxf4 b5 10. b3 b4 11. Nd5 Bxd5 12. exd5 Nxd5 13. Re1+ Be7 14. Bxd6 Nc3+ 15. Kc1 Qa3# 0-1

[Event "RE-2013-0-00113"]
[Site "LSS email"]
[Date "2013.05.24"]
[Round "?"]
[White "Hlavinkova, Libuska"]
[Black "Kochubej, Eduard"]
[Result "1-0"]
[WhiteElo "1542"]
[BlackElo "1261"]
[PlyCount "85"]
[EventDate "2013.03.27"]
[EventType "tourn (corr)"]
[EventRounds "6"]
[EventCountry "GER"]
[SourceTitle "Telechess CBM 161"]
[Source "ChessBase"]
[SourceDate "2014.07.16"]
[SourceVersion "1"]
[SourceVersionDate "2014.07.16"]
[SourceQuality "1"]

1. e4 e5 2. Nf3 Nc6 3. d4 exd4 4. Nxd4 Nf6 5. Nxc6 bxc6 6. e5 Qe7 7. Qe2 Nd5 8. c4 Ba6 9. b3 Qh4 10. a3 Bc5 11. g3 Bxf2+ 12. Qxf2 Qe4+ 13. Kd1 Qxh1 14. Nd2 Nc3+ 15. Kc2 Ne4 16. Nxe4 Qxe4+ 17. Bd3 Qg4 18. Bf5 Qh5 19. h4 f6 20. exf6 gxf6 21. Bb2 0-0 22. g4 Qf7 23. Rg1 Bxc4 24. bxc4 Qxc4+ 25. Kb1 Rab8 26. Ka1 Rf7 27. g5 fxg5 28. Rxg5+ Kf8 29. Qg3 Rf6 30. Qe5 Qf1+ 31. Bb1 Rxb2 32. Qxb2 Kf7 33. h5 Qf4 34. Re5 d6 35. Re2 Qf3 36. h6 Qf4 37. Bd3 d5 38. Qb8 Re6 39. Rg2 Ke7 40. Rg7+ Kf6 41. Qd8+ Ke5 42. Qxc7+ Rd6 43. Re7+ 1-0

[Event "BI-2013-P-00023"]
[Site "LSS email"]
[Date "2013.04.22"]
[Round "?"]
[White "De Ridder, Michael"]
[Black "Kochubej, Eduard"]
[Result "1-0"]
[WhiteElo "1726"]
[BlackElo "1272"]
[PlyCount "55"]
[EventDate "2013.04.25"]
[EventType "tourn (corr)"]
[EventRounds "10"]
[EventCountry "GER"]
[SourceTitle "Telechess CBM 167"]
[Source "ChessBase"]
[SourceDate "2015.07.13"]
[SourceVersion "1"]
[SourceVersionDate "2015.07.13"]
[SourceQuality "1"]

1. e4 e5 2. Nf3 Nc6 3. Bb5 a6 4. Ba4 Nf6 5. d3 Bc5 6. Bxc6 dxc6 7. 0-0 Qe7 8. Be3 0-0 9. Bxc5 Qxc5 10. Nbd2 Rd8 11. h3 Be6 12. Ng5 Bd7 13. b4 Qe7 14. a4 Ne8 15. Ngf3 f6 16. Rb1 Be6 17. Nb3 b6 18. Qd2 Nd6 19. Qc3 Qe8 20. Nfd2 Nb7 21. f4 exf4 22. a5 Nd6 23. Rxf4 Nb5 24. Qb2 Qh5 25. Rf2 Qe5 26. Qxe5 fxe5 27. Rbf1 h6 28. g4 1-0

[Event "BI-2013-P-00023"]
[Site "LSS email"]
[Date "2013.04.22"]
[Round "?"]
[White "Iula, Massimo"]
[Black "Kochubej, Eduard"]
[Result "0-1"]
[WhiteElo "1368"]
[BlackElo "1656"]
[PlyCount "30"]
[EventDate "2013.04.25"]
[EventType "tourn (corr)"]
[EventRounds "10"]
[EventCountry "GER"]
[SourceTitle "Corr 2022"]
[Source "ChessBase"]
[SourceDate "2021.10.24"]
[SourceVersion "1"]
[SourceVersionDate "2021.10.24"]
[SourceQuality "1"]

1. e4 e5 2. Nf3 Nc6 3. Bb5 a6 4. Ba4 Nf6 5. 0-0 b5 6. Bb3 Bb7 7. d3 Bc5 8. Nc3 0-0 9. a4 b4 10. Nd5 h6 11. Be3 Bxe3 12. Nxf6+ Qxf6 13. fxe3 Na5 14. Ba2 Rae8 15. Nd4 Qg6 0-1

[Event "BI-2013-P-00023"]
[Site "LSS email"]
[Date "2013.04.22"]
[Round "?"]
[White "Kochubej, Eduard"]
[Black "Gaitan Moyano, Juan Jose"]
[Result "1-0"]
[WhiteElo "1272"]
[BlackElo "1671"]
[PlyCount "45"]
[EventDate "2013.04.25"]
[EventType "tourn (corr)"]
[EventRounds "10"]
[EventCountry "GER"]
[SourceTitle "Telechess CBM 167"]
[Source "ChessBase"]
[SourceDate "2015.07.13"]
[SourceVersion "1"]
[SourceVersionDate "2015.07.13"]
[SourceQuality "1"]

1. d4 d5 2. c4 e6 3. Nc3 Nf6 4. Bg5 c6 5. e3 Be7 6. Nf3 Nbd7 7. Bd3 h6 8. Bh4 0-0 9. 0-0 dxc4 10. Bxc4 b5 11. Bd3 Bb7 12. a3 a6 13. b4 Qc7 14. Ne4 Rfe8 15. Bg3 Qb6 16. Nd6 Red8 17. Qc2 Nh5 18. Bh7+ Kf8 19. Nxf7 Kxf7 20. Qg6+ Kf8 21. Qxe6 Bc5 22. Bg8 Ne5 23. Nxe5 1-0

[Event "BI-2013-P-00023"]
[Site "LSS email"]
[Date "2013.04.22"]
[Round "?"]
[White "Kochubej, Eduard"]
[Black "Lombardi, Donato"]
[Result "1-0"]
[WhiteElo "1272"]
[BlackElo "855"]
[PlyCount "85"]
[EventDate "2013.04.25"]
[EventType "tourn (corr)"]
[EventRounds "10"]
[EventCountry "GER"]
[SourceTitle "Telechess CBM 167"]
[Source "ChessBase"]
[SourceDate "2015.07.13"]
[SourceVersion "1"]
[SourceVersionDate "2015.07.13"]
[SourceQuality "1"]

1. d4 d5 2. c4 e6 3. Nc3 Nf6 4. Bg5 Be7 5. cxd5 exd5 6. Nf3 Be6 7. Qb3 b6 8. e3 0-0 9. Rd1 h6 10. Bh4 Nbd7 11. Bb5 Rc8 12. Bc6 Nb8 13. Bb7 Nbd7 14. Bxc8 Qxc8 15. Ne5 Nxe5 16. dxe5 d4 17. Qa4 dxc3 18. exf6 Bxf6 19. Bxf6 gxf6 20. bxc3 Qb7 21. 0-0 b5 22. Qh4 Kh7 23. Qxf6 Qe4 24. Rd4 Qf5 25. Qxf5+ Bxf5 26. a4 bxa4 27. Rxa4 a6 28. Rfa1 Bd3 29. Rd4 Bb5 30. c4 Bc6 31. Rxa6 Bb7 32. Ra7 Bc6 33. Rxc7 Ba8 34. e4 Kg7 35. c5 Re8 36. f3 Kg6 37. Rd6+ f6 38. c6 Kg5 39. Rf7 Rc8 40. Rfxf6 h5 41. g3 h4 42. Rg6+ Kh5 43. g4# 1-0

[Event "BI-2013-P-00023"]
[Site "LSS email"]
[Date "2013.04.22"]
[Round "?"]
[White "Kochubej, Eduard"]
[Black "Pott, Brian"]
[Result "0-1"]
[WhiteElo "1272"]
[BlackElo "1794"]
[PlyCount "54"]
[EventDate "2013.04.25"]
[EventType "tourn (corr)"]
[EventRounds "10"]
[EventCountry "GER"]
[SourceTitle "Telechess CBM 167"]
[Source "ChessBase"]
[SourceDate "2015.07.13"]
[SourceVersion "1"]
[SourceVersionDate "2015.07.13"]
[SourceQuality "1"]

1. d4 Nf6 2. c4 g6 3. Nc3 Bg7 4. e4 d6 5. Nf3 0-0 6. Be2 e5 7. dxe5 dxe5 8. Qxd8 Rxd8 9. Bg5 Re8 10. Nd5 Nxd5 11. cxd5 c6 12. d6 f6 13. Be3 Be6 14. b3 Rd8 15. 0-0-0 Bf8 16. Nd2 Rxd6 17. Nc4 Rd7 18. Kb2 b6 19. g3 Rxd1 20. Rxd1 c5 21. Rd8 Kf7 22. f4 Ke7 23. Rd2 exf4 24. gxf4 Nc6 25. f5 Bg8 26. fxg6 hxg6 27. e5 Rd8 0-1

[Event "BI-2013-P-00023"]
[Site "LSS email"]
[Date "2013.04.22"]
[Round "?"]
[White "Sciarretta, Robert W"]
[Black "Kochubej, Eduard"]
[Result "1-0"]
[WhiteElo "2135"]
[BlackElo "1272"]
[PlyCount "67"]
[EventDate "2013.04.25"]
[EventType "tourn (corr)"]
[EventRounds "10"]
[EventCountry "GER"]
[SourceTitle "Telechess CBM 167"]
[Source "ChessBase"]
[SourceDate "2015.07.13"]
[SourceVersion "1"]
[SourceVersionDate "2015.07.13"]
[SourceQuality "1"]

1. d4 d5 2. c4 e6 3. Nc3 Nf6 4. cxd5 exd5 5. Bg5 Be7 6. e3 0-0 7. Bd3 c5 8. dxc5 Nbd7 9. Nge2 Nxc5 10. 0-0 h6 11. Bh4 Be6 12. Bc2 Rc8 13. Nd4 Qb6 14. Qe2 Nce4 15. Nxe4 dxe4 16. Nxe6 Qxe6 17. Bb3 Qe5 18. Rfd1 Rfd8 19. Bg3 Qc5 20. Qe1 a5 21. h3 Rxd1 22. Rxd1 g6 23. Rd2 Qf5 24. Rd1 Bc5 25. Qxa5 Kg7 26. Bf4 h5 27. Qb5 b6 28. Qc4 Rf8 29. a4 Be7 30. Qc7 Bc5 31. Be5 Qc8 32. Rd7 Qxc7 33. Rxc7 Bb4 34. Rc6 1-0

[Event "OP-2013-0-02743"]
[Site "LSS email"]
[Date "2013.04.20"]
[Round "?"]
[White "Kochubej, Eduard"]
[Black "Malyszek, Tomasz"]
[Result "1-0"]
[WhiteElo "1261"]
[BlackElo "932"]
[PlyCount "73"]
[EventDate "2013.04.17"]
[EventType "tourn (corr)"]
[EventRounds "4"]
[EventCountry "GER"]
[SourceTitle "Telechess CBM 161"]
[Source "ChessBase"]
[SourceDate "2014.07.16"]
[SourceVersion "1"]
[SourceVersionDate "2014.07.16"]
[SourceQuality "1"]

1. d4 d5 2. c4 dxc4 3. Nf3 e6 4. e3 Nf6 5. Bxc4 Be7 6. 0-0 0-0 7. Nc3 a6 8. Qc2 h6 9. a3 b5 10. Be2 Bb7 11. b4 Re8 12. e4 Nbd7 13. Be3 Bf8 14. Rfd1 Nb6 15. Nd2 Qd7 16. f3 Be7 17. Nb3 Nc4 18. Bxc4 bxc4 19. Na5 Bc6 20. Nxc4 Bb5 21. Na5 Rab8 22. Rac1 Nh5 23. Nxb5 Qxb5 24. Nc6 Ra8 25. d5 Nf6 26. a4 Qb7 27. dxe6 fxe6 28. Bxh6 gxh6 29. e5 Nh5 30. Rd7 Qb6+ 31. Kf1 Kf8 32. Nxe7 Rxe7 33. Rxe7 Kxe7 34. Qh7+ Kd8 35. Qg8+ Ke7 36. Qxa8 Nf4 37. Rc6 1-0

[Event "SE-2013-0-00139"]
[Site "LSS email"]
[Date "2013.04.16"]
[Round "?"]
[White "Kochubej, Eduard"]
[Black "Bieszk, Stanislaw"]
[Result "0-1"]
[WhiteElo "1229"]
[BlackElo "1132"]
[PlyCount "93"]
[EventDate "2013.03.11"]
[EventType "tourn (corr)"]
[EventRounds "6"]
[EventCountry "GER"]
[SourceTitle "Telechess CBM 167"]
[Source "ChessBase"]
[SourceDate "2015.07.13"]
[SourceVersion "1"]
[SourceVersionDate "2015.07.13"]
[SourceQuality "1"]

1. d4 Nf6 2. c4 g6 3. Nc3 d5 4. cxd5 Nxd5 5. e4 Nxc3 6. bxc3 Bg7 7. Ba3 Nd7 8. Nf3 c5 9. Qb3 Qa5 10. Bc4 0-0 11. 0-0 Nb6 12. Bxc5 Nxc4 13. Qxc4 Qc7 14. Qb4 Re8 15. d5 b6 16. Bd4 e5 17. Be3 Ba6 18. Rfe1 Rac8 19. Rec1 Bd3 20. Nd2 f5 21. Qb3 Qd7 22. f3 b5 23. a4 a6 24. axb5 axb5 25. Ra7 Qd6 26. Rca1 Kh8 27. R1a6 Qf8 28. d6 Bh6 29. Bxh6 Qxh6 30. Ra1 Rcd8 31. Re7 Ra8 32. Rxe8+ Rxe8 33. d7 Rd8 34. Qe6 Qg7 35. Qe8+ Qf8 36. Qxe5+ Qg7 37. Qe8+ Qf8 38. Qxf8+ Rxf8 39. Nb3 Rd8 40. Ra7 b4 41. Rc7 Kg7 42. Nd4 b3 43. Ne6+ Kf6 44. Nxd8 b2 45. Rb7 b1Q+ 46. Rxb1 Bxb1 47. Nc6 0-1

[Event "SE-2013-0-00139"]
[Site "LSS email"]
[Date "2013.04.16"]
[Round "?"]
[White "Kochubej, Eduard"]
[Black "Pons, Francisco"]
[Result "0-1"]
[WhiteElo "1229"]
[BlackElo "1282"]
[PlyCount "44"]
[EventDate "2013.03.11"]
[EventType "tourn (corr)"]
[EventRounds "6"]
[EventCountry "GER"]
[SourceTitle "Telechess CBM 167"]
[Source "ChessBase"]
[SourceDate "2015.07.13"]
[SourceVersion "1"]
[SourceVersionDate "2015.07.13"]
[SourceQuality "1"]

1. d4 Nf6 2. c4 g6 3. Nc3 Bg7 4. e4 d6 5. Nf3 0-0 6. Be2 e5 7. dxe5 dxe5 8. Qxd8 Rxd8 9. Bg5 c6 10. Nxe5 Re8 11. 0-0-0 Rxe5 12. Rd8+ Re8 13. Bxf6 Rxd8 14. Bxd8 Be6 15. Bg5 Nd7 16. Kd2 Ne5 17. b3 Nd7 18. Be3 a6 19. f4 Rd8 20. Kc2 Re8 21. Bf3 b5 22. Rd1 bxc4 0-1

[Event "OP-2013-0-02666"]
[Site "LSS email"]
[Date "2013.02.26"]
[Round "?"]
[White "Kochubej, Eduard"]
[Black "Voudouris, Nick"]
[Result "1/2-1/2"]
[WhiteElo "1261"]
[BlackElo "1411"]
[PlyCount "67"]
[EventDate "2013.02.23"]
[EventType "tourn (corr)"]
[EventRounds "4"]
[EventCountry "GER"]
[SourceTitle "Telechess CBM 161"]
[Source "ChessBase"]
[SourceDate "2014.07.16"]
[SourceVersion "1"]
[SourceVersionDate "2014.07.16"]
[SourceQuality "1"]

1. d4 d5 2. c4 e6 3. Nc3 f5 4. cxd5 exd5 5. g3 Nf6 6. Bg2 c6 7. Nh3 Bd6 8. 0-0 0-0 9. f3 Qe7 10. Qb3 Kh8 11. Bd2 b6 12. e4 fxe4 13. fxe4 dxe4 14. Bg5 Be6 15. Qc2 e3 16. Qe2 Qd7 17. Bxf6 Rxf6 18. Rxf6 gxf6 19. Qf3 Bf8 20. Nf4 Bg4 21. Qxe3 Na6 22. h3 Re8 23. Qf2 Be6 24. Nh5 Bg7 25. d5 cxd5 26. Nxf6 Bxf6 27. Qxf6+ Qg7 28. Nxd5 Nc5 29. Qxg7+ Kxg7 30. Re1 Rd8 31. Nf4 Bxa2 32. Ra1 Bf7 33. Rxa7 Rd1+ 34. Kf2 1/2-1/2

[Event "OP-2013-0-02666"]
[Site "LSS email"]
[Date "2013.02.26"]
[Round "?"]
[White "Schnadt, Florian"]
[Black "Kochubej, Eduard"]
[Result "1/2-1/2"]
[WhiteElo "1839"]
[BlackElo "1261"]
[PlyCount "54"]
[EventDate "2013.02.23"]
[EventType "tourn (corr)"]
[EventRounds "4"]
[EventCountry "GER"]
[SourceTitle "Telechess CBM 161"]
[Source "ChessBase"]
[SourceDate "2014.07.16"]
[SourceVersion "1"]
[SourceVersionDate "2014.07.16"]
[SourceQuality "1"]

1. d4 d5 2. c4 e6 3. Nc3 Nc6 4. Nf3 Nf6 5. cxd5 exd5 6. Bg5 Bb4 7. e3 h6 8. Bh4 g5 9. Bg3 Ne4 10. Qb3 h5 11. Bb5 Bxc3+ 12. bxc3 h4 13. Bxc7 Qxc7 14. Qxd5 f5 15. Rc1 Bd7 16. Bxc6 bxc6 17. Qc4 Rb8 18. Ne5 Nd6 19. Qe2 Be6 20. 0-0 h3 21. f3 Nc4 22. Nxc4 Bxc4 23. Qxc4 hxg2 24. Qe6+ Kf8 25. Qf6+ Kg8 26. Qxg5+ Kf7 27. Qxf5+ Kg7 1/2-1/2

[Event "OP-2013-0-02631"]
[Site "LSS email"]
[Date "2013.02.09"]
[Round "?"]
[White "Gyongyosi, Peter Laszlo"]
[Black "Kochubej, Eduard"]
[Result "0-1"]
[WhiteElo "849"]
[BlackElo "1229"]
[PlyCount "48"]
[EventDate "2013.02.05"]
[EventType "tourn (corr)"]
[EventRounds "4"]
[EventCountry "GER"]
[SourceTitle "Telechess CBM 163"]
[Source "ChessBase"]
[SourceDate "2014.11.11"]
[SourceVersion "2"]
[SourceVersionDate "2014.11.11"]
[SourceQuality "1"]

1. e4 e5 2. Nf3 Nc6 3. Bc4 Bc5 4. Nc3 Nf6 5. d3 d6 6. Bg5 Na5 7. Bxf6 gxf6 8. a3 Nxc4 9. dxc4 Rg8 10. g3 Be6 11. b3 f5 12. exf5 Bxf5 13. Qe2 c6 14. Ne4 Qa5+ 15. Nfd2 Bxe4 16. Qxe4 Bxf2+ 17. Kxf2 Qxd2+ 18. Kf3 f5 19. Qe2 Qg5 20. Rhf1 f4 21. Qg2 e4+ 22. Kf2 f3 23. Qh3 Qc5+ 24. Ke1 Qe3+ 0-1

[Event "OP-2013-0-02631"]
[Site "LSS email"]
[Date "2013.02.09"]
[Round "?"]
[White "Kochubej, Eduard"]
[Black "Kovacs, Arthur"]
[Result "0-1"]
[WhiteElo "1229"]
[BlackElo "2473"]
[PlyCount "106"]
[EventDate "2013.02.05"]
[EventType "tourn (corr)"]
[EventRounds "4"]
[EventCountry "GER"]
[SourceTitle "Telechess CBM 163"]
[Source "ChessBase"]
[SourceDate "2014.11.11"]
[SourceVersion "2"]
[SourceVersionDate "2014.11.11"]
[SourceQuality "1"]

1. e4 c6 2. Nf3 d5 3. exd5 cxd5 4. d4 Nc6 5. Bb5 Bg4 6. c4 Nf6 7. h3 Bxf3 8. Qxf3 e6 9. c5 Be7 10. 0-0 0-0 11. Rd1 Ne4 12. Nc3 f5 13. Qe2 Bh4 14. g3 Bg5 15. f3 Nxg3 16. Qxe6+ Kh8 17. f4 Bh4 18. Qxd5 Qxd5 19. Nxd5 Rad8 20. Bxc6 bxc6 21. Nb4 Rf6 22. d5 a5 23. Nd3 Rxd5 24. Be3 g5 25. fxg5 Re6 26. Bf2 Ne2+ 27. Kf1 Bxg5 28. Ne1 Nf4 29. Nf3 Bf6 30. Rxd5 Nxd5 31. Nd4 Bxd4 32. Bxd4+ Kg8 33. Kf2 Re4 34. Rd1 Kf7 35. b3 Ke6 36. Kf3 Rf4+ 37. Kg2 Re4 38. Kf3 Kf7 39. Rd2 Re1 40. Kf2 Rb1 41. Kg3 a4 42. bxa4 Rb4 43. Rd3 Rxa4 44. a3 Ke6 45. Kf3 Rc4 46. Kg3 f4+ 47. Kg4 h5+ 48. Kg5 Rc2 49. Rd1 Rg2+ 50. Kh4 Kf5 51. Re1 f3 52. a4 Nf4 53. Re5+ Kg6 0-1

[Event "OP-2013-0-02631"]
[Site "LSS email"]
[Date "2013.02.09"]
[Round "?"]
[White "Kochubej, Eduard"]
[Black "Vontina, Maria"]
[Result "1-0"]
[WhiteElo "1229"]
[BlackElo "777"]
[PlyCount "55"]
[EventDate "2013.02.05"]
[EventType "tourn (corr)"]
[EventRounds "4"]
[EventCountry "GER"]
[SourceTitle "Telechess CBM 163"]
[Source "ChessBase"]
[SourceDate "2014.11.11"]
[SourceVersion "2"]
[SourceVersionDate "2014.11.11"]
[SourceQuality "1"]

1. e4 e6 2. Nf3 d5 3. exd5 exd5 4. Bb5+ c6 5. Bd3 Nf6 6. 0-0 Be7 7. Re1 0-0 8. Be2 Bg4 9. d4 Re8 10. h3 Bh5 11. g4 Bg6 12. Ne5 Nbd7 13. Nxg6 hxg6 14. Be3 Ne4 15. Nd2 Bd6 16. Nxe4 Rxe4 17. Bd3 Re8 18. Qf3 Qh4 19. Re2 Re7 20. Rae1 Rae8 21. Bf4 Rxe2 22. Rxe2 Rxe2 23. Bxe2 Bxf4 24. Qxf4 Qxh3 25. Qc7 Nf6 26. Qxb7 Nxg4 27. Qc8+ Kh7 28. Qxg4 1-0